000
00236nam a2200097Ia 4500
001
679765
005
20250826161328.0
008
250824s9999 xx 000 0 und d
245
0
_a
BAĞLANTI
_c
M.T.ANDERSON
260
_b
GÜNIŞIĞI YAYINLARI
999
_c
679765
_d
679765